00570nam a22000977a 4500008004100000010001300041245011300054260000900167500012400176500017200300110620t xxu||||| |||| 00| 0 eng d aCACAF-61 aCourt of Appeal Civil Appeal No. 35 of 2002 Kikonda Butema Farms Ltd Vs The Inspector General of Government. c2002 aHon Lady Justice A.E.N. Mpagi-Bahigeine, JA Hon Lady Justice C.N.B. Kitumba, JA Hon. Lady Justice C.K.Byamugisha,JA. aArising out of the ruling and order of the High Court of Uganda sitting at Kampala Katitsi J. dated the 13/March/2002 in High Court Miscellaneous Cause No. 130 of 2001